| 000 | 00801nam a2200277 a 4500 | ||
|---|---|---|---|
| 001 | 26239 | ||
| 003 | CO-ViMGA | ||
| 008 | 141112s2004 ck r 000 u spa d | ||
| 015 | _ack - 2008 - xxxx | ||
| 020 | _a9789583018633 | ||
| 040 |
_aCO-ViMGA _bspa _cCO-ViMGA |
||
| 041 | _aspa | ||
| 082 | 0 | 4 | _a629.13334 H19a |
| 100 | 1 |
_aHawkes, Nigel _940962 |
|
| 245 | 1 | 0 |
_aAviones y otras aeronaves / _cNigel Hawkes ; traducción, Alberto Holguín |
| 250 | _a1a. ed. | ||
| 260 |
_aBogotá : _bPanAméricana, _c2008 |
||
| 300 | _a32 p. : il. ; 29 cm | ||
| 490 | _aCómo funciona la ciencia | ||
| 500 | _aIncluye índice | ||
| 598 | _aNEW - GRAL | ||
| 650 | 1 | 4 |
_aAviones - Equipo y accesorios _940963 |
| 700 | 1 |
_aHolguín, Alberto, traductor tr. _940964 |
|
| 917 | _a5766 20081001 | ||
| 942 |
_2ddc _cBK |
||
| 999 |
_c3335 _d3335 |
||